Les speakerines et speakers de la télévision françaises - Statistiques

Statistiques générales
  • Ce quiz a été pris 13 fois
  • Le résultat moyen est 8 sur 49
Statistiques - réponses
Initiales Speakrine de ... à... Nom % Correct
DF 1963-1992 Denise Fabre
83%
OM Speaker 1990-1991 Olivier Minne
75%
D 1977-1983 Dorothée
67%
ED 1969-1992 Evelyne Dhéliat
67%
CL 1949-1975 Catherine Langeais
58%
JH 1958-1975 Jacqueline Huet
50%
PSJ Speaker 1981-1986 Patrick Simpson-Jones
50%
FE 1976-1992 Fabienne Egal
42%
JJ 1949-1957 Jacqueline Joubert
42%
MAN 1985-1990 Marie-Ange Nardi
42%
AMP 1960-1968 Anne-Marie Peysson
33%
EL 1975-1989 Evelyne Leclercq
25%
ET 1981-1986 Elisabeth Tordjman
17%
JC 1953-1975 Jacqueline Caurat
17%
LC Speaker 1985-1992 Lionel Cassan
17%
NS 1985-1992 Nadia Samir
17%
VM 1985-1992 Valérie Maurice
17%
CC 1980-1987 Catherine Ceylac
8%
NN 1961-1964 Noëlle Noblecourt
8%
PL 1982-1992 Patricia Lesieur
8%
VP 1986-1987 Vincent Perrot
8%
AM 1990-1191 Annie Milon
0%
BS 1977-1980 Brigitte Simonetta
0%
CS 1986-1992 Carole Serrat
0%
CV 1980-1992 Carole Varenne
0%
CA 1963-1968 Chantal Alban
0%
CF 1975-1976 Christine Frésia
0%
CA 1978-1992 Claire Avril
0%
CL 1971-1977 Claudie Lemeret
0%
DA 1976-1983 Danielle Askain
0%
ET 1987-1992 Eileen Thierry
0%
FB 1990-1992 Florianne Blitz
0%
GA 1982-1992 Gillette Aho
0%
ID 1985-1986 Isabelle Duhamel
0%
IW 1987-1992 Isabelle Wolfe
0%
JB 1987-1992 Joëlle Boyadjian
0%
LN 1987-1992 Laurence Novée
0%
ML 1956-1957 Marianne Lecène
0%
MB 1976-1977 Martine Bogé
0%
ML 1976-1978 Martine Lepage
0%
MD 1963-1975 Michèle Demai
0%
MM 1977-1981 Michèle Maillet
0%
MF 1987-1992 Myriam Foss
0%
NY 1987-1992 Nathalie You
0%
RL 1963-1975 Renée Legrand
0%
SW Années 30 Suzy Wincker
0%
SC 1969-1971 Sylvette Cabrisseau
0%
VC 1978-1989 Virginia Crespeau
0%
YL 1987-1992 Yza Lamoureux
0%
Aucun quiz correspondant
Distribution des résultats
% des personnes avec chaque résultat
Percentile par nombre de réponses
Votre historique - résultats
Vous n’avez pas pris ce quiz